مكتبة جامعة عجلون الوطنية

فهرس بحث المكتبة

Normal view MARC view
  • مسكويه، ابي علي احمد بن محمد؛ تصحيح ه.ف آمدرور

Entry Personal Name

Number of records used in: 1

001 - CONTROL NUMBER

  • control field: 58998

003 - CONTROL NUMBER IDENTIFIER

  • control field: JO-AjAnu

005 - DATE AND TIME OF LATEST TRANSACTION

  • control field: 20230606083642.0

008 - FIXED-LENGTH DATA ELEMENTS

  • fixed length control field: 230606|| aca||aabn | a|a d

040 ## - CATALOGING SOURCE

  • Original cataloging agency: JO-AjAnu
  • Transcribing agency: JO-AjAnu

100 ## - HEADING--PERSONAL NAME

  • Personal name: مسكويه، ابي علي احمد بن محمد؛ تصحيح ه.ف آمدرور

670 ## - SOURCE DATA FOUND

  • Source citation: Work cat.: (JO-AjAnu)30095: مسكويه، ابي علي احمد بن محمد؛ تصحيح ه.ف آمدرور, author, كتاب تجارب الأمم مع نخب من تواريخ شتى تتعلق بالامور المذكورة فيه، ج1